| 000 | 00355nam a2200133Ia 4500 | ||
|---|---|---|---|
| 008 | 240624s9999 xx 000 0 und d | ||
| 041 | _aeng | ||
| 082 | _a339 GOL | ||
| 100 | _aGOLDSTEIN JONATHAN P | ||
| 245 | _aHETERODOX MACROECONOMICS KEYNES MARX AND | ||
| 260 |
_c2009 _aNew York _bRoutledge |
||
| 300 | _axix, : 280 : p. : cm. ; 23 | ||
| 365 |
_cBPS _b27 |
||
| 999 |
_c17788 _d17788 |
||